000 00753nam a2200157 a 4500
008 081126s1987 ||||||||||||||||| || u
050 _aGOV.ZAM(02)1987/2
100 _aKaunda, K. D
245 1 0 _aHis excellency the president, Dr. K. D. Kaunda addressing a press conference in Mulungushi hall on 13th May, 1987
_cBy Dr. K. D. Kaunda, President of the Republic of Zambia
260 _aLusaka:
_bUnited National Independence Party
_c1987
300 _a29p.
350 _a0.00
650 _aPRESIDENTS--ZAMBIA--ADDRESSES, ESSAYS, LECTURES
710 _aThe Government of the Republic of Zambia
995 _D0.00
_FCBU-MAIN LIBRARY (Kitwe)
_H1
_I0.00
_M1
_UAVAILABLE
_WNov 26, 2008
_ZZambiana Collection
999 _c45563
_d45563